书目信息 |
| 题名: |
有机化学的产生和发展
|
|
| 作者: | 肖莱马 著 ;潘吉星 译 | |
| 分册: | ||
| 出版信息: | 北京 科学出版社 1978 |
|
| 页数: | 219页 | |
| 开本: | 19cm | |
| 丛书名: | ||
| 单 册: | ||
| 中图分类: | O621.12 | |
| 科图分类: | ||
| 主题词: | 有机化学--化学史--研究 | |
| 电子资源: | ||
| ISBN: | ||
| 000 | 00752nam0 2200241 45 | |
| 001 | 0178006199 | |
| 005 | 20060419090548.68 | |
| 010 | @dCNY0.82 | |
| 091 | @aCN@b13031.733 | |
| 100 | @a19950726d1978 em y0chiy0121 ea | |
| 101 | 1 | @achi@cger |
| 102 | @aCN@b110000 | |
| 105 | @ay z 000yy | |
| 200 | 10 | @a有机化学的产生和发展@Ayou ji hua xue de chan sheng he fa zhan@f(德)C·肖莱马著@F(de)C·xiao lai ma zhu@g潘吉星译 |
| 210 | @a北京@c科学出版社@d1978 | |
| 215 | @a219页@d19cm | |
| 510 | 1 | @aThe rise and development of organic chemistry@zeng |
| 606 | @a有机化学@x化学史@x研究 | |
| 690 | @aO621.12@v3 | |
| 701 | 1 | @a肖莱马@Axiao lai ma@bC.@4著 |
| 702 | 0 | @a潘吉星@Apan ji xing@4译 |
| 801 | 0 | @aCN@bTSSF@c20060419 |
| 905 | @a10447@dO621.12@e7-3 | |
| 有机化学的产生和发展/(德)C·肖莱马著/潘吉星译.-北京:科学出版社,1978 |
| 219页;19cm |
| ISBN :CNY0.82 |
| ● |
| 相关链接 |
|
|
|
|
正题名:有机化学的产生和发展
索取号:O621.12/7-3
 
预约/预借
| 序号 | 登录号 | 条形码 | 馆藏地/架位号 | 状态 | 备注 |
| 1 | 0000466 | 000699863 | 密集书库/ [索取号:O621.12/7-3] | 在馆 | |
| 2 | 0000467 | 202100369 | 第二样本阅览室/ [索取号:O621.12/7-3] | 在馆 |